000 00573nam a22002177a 4500
001 00028147
005 20260213120703.0
008 260211b ag ||||| |||| 00| 0 spa d
020 _a8475770835
040 _aAR-CcCEOS
_bspa
_cAR-CcCEOS
041 _aspa
080 _a133.3
090 _bFOS
100 1 _aFoster, Michael
_9434
245 _aLos numeros /
_cMichael Foster
264 _aEspaña :
_bM. A.,
_cc1983
300 _a157 p. ;
_c18x10 cm.
655 0 _anumerología
_9433
942 _2udc
_cBK
_n0
999 _c28161
_d28161